[Event "La Pobla de Lillet op A"]
[Site "La Pobla de Lillet ESP"]
[Date "2015.08.01"]
[Round "1.1"]
[White "Movsziszian, K."]
[Black "Basas Gamazo, J."]
[Result "1-0"]
[WhiteElo "2457"]
[BlackElo "1993"]
[PlyCount "87"]
[EventDate "2015.08.01"]
[EventType "swiss"]
[EventRounds "9"]
[EventCountry "ESP"]
[SourceTitle "Ajedrez en Madrid"]
[Source "lmi"]
[SourceDate "2020.06.24"]
[SourceVersion "1"]
[SourceVersionDate "2020.06.24"]
[SourceQuality "1"]

1. g3 g6 2. Bg2 Bg7 3. d4 Nf6 4. e4 d6 5. Nc3 O-O 6. Nge2 e5 7. h3 Nc6 8. Be3
Nd7 9. O-O exd4 10. Nxd4 Nxd4 11. Bxd4 Bxd4 12. Qxd4 Qf6 13. Qe3 Nb6 14. b3 Bd7
15. a4 a5 16. Rad1 Bc6 17. f4 Rfe8 18. g4 h6 19. Qg3 Re7 20. h4 Rae8 21. g5
hxg5 22. hxg5 Qh8 23. Rd3 f5 24. exf5 gxf5 25. Qh3 Qxh3 26. Bxh3 Rf8 27. Kf2
Kg7 28. Re1 Rxe1 29. Kxe1 Re8+ 30. Kf2 Kg6 31. Re3 Rxe3 32. Kxe3 Bd7 33. Bg2
Bc8 34. Nb5 Na8 35. Na7 Nb6 36. Nxc8 Nxc8 37. Bxb7 Nb6 38. Bc6 Nc8 39. Kd4 Ne7
40. Bb7 c5+ 41. Kc4 Kh5 42. Kb5 Kg4 43. Kxa5 Kxf4 44. Kb6 1-0

[Event "La Pobla de Lillet op A"]
[Site "La Pobla de Lillet ESP"]
[Date "2015.08.01"]
[Round "1.2"]
[White "Masachs Vendrell, F."]
[Black "Mellado Triviño, J."]
[Result "0-1"]
[WhiteElo "1981"]
[BlackElo "2442"]
[PlyCount "82"]
[EventDate "2015.08.01"]
[EventType "swiss"]
[EventRounds "9"]
[EventCountry "ESP"]
[SourceTitle "Ajedrez en Madrid"]
[Source "lmi"]
[SourceDate "2020.06.24"]
[SourceVersion "1"]
[SourceVersionDate "2020.06.24"]
[SourceQuality "1"]

1. d4 Nf6 2. Nc3 d5 3. Nf3 Bf5 4. Bf4 e6 5. a3 Bd6 6. Bxd6 cxd6 7. e3 Nbd7 8.
Bd3 Be4 9. Nd2 Bg6 10. h4 Qb6 11. Rb1 e5 12. dxe5 dxe5 13. Bb5 O-O-O 14. Nf3
Rhe8 15. O-O a6 16. Be2 Nc5 17. b4 Nce4 18. Na4 Qd6 19. c4 dxc4 20. Qxd6 Nxd6
21. Ra1 Kb8 22. Nc5 Ka7 23. Rfc1 b6 24. Na4 Rc8 25. Nc3 Bd3 26. Kf1 Bxe2+ 27.
Kxe2 Nfe4 28. Nd2 Nxd2 29. Kxd2 Nf5 30. g3 Red8+ 31. Ke2 Rd3 32. b5 Nd6 33. a4
a5 34. Ra2 Rd8 35. Nb1 e4 36. Nd2 Rc8 37. Rac2 Rd5 38. Nxc4 Rdc5 39. Na3 Rxc2+
40. Rxc2 Rxc2+ 41. Nxc2 Nc4 0-1

[Event "La Pobla de Lillet op A"]
[Site "La Pobla de Lillet ESP"]
[Date "2015.08.01"]
[Round "1.3"]
[White "Muñoz Pantoja, M."]
[Black "Garcia Galeote, L."]
[Result "1-0"]
[WhiteElo "2434"]
[BlackElo "1973"]
[PlyCount "67"]
[EventDate "2015.08.01"]
[EventType "swiss"]
[EventRounds "9"]
[EventCountry "ESP"]
[SourceTitle "Ajedrez en Madrid"]
[Source "lmi"]
[SourceDate "2020.06.24"]
[SourceVersion "1"]
[SourceVersionDate "2020.06.24"]
[SourceQuality "1"]

1. e4 Nc6 2. d4 d5 3. exd5 Qxd5 4. Nf3 Bg4 5. Be2 O-O-O 6. Be3 e5 7. Nc3 Bb4 8.
O-O Bxc3 9. bxc3 e4 10. Nd2 Bxe2 11. Qxe2 Nf6 12. Rab1 Rhe8 13. Nb3 Qh5 14. Qc4
Nd7 15. Rfe1 Nb6 16. Qf1 g5 17. c4 Re6 18. c5 Rh6 19. h3 Nd5 20. c4 Nde7 21. d5
Ne5 22. Bd4 g4 23. Rxe4 gxh3 24. Bxe5 hxg2 25. Qxg2 Rg8 26. Bg3 Nf5 27. Rbe1 f6
28. Nd4 Nxg3 29. fxg3 f5 30. Re5 Rf6 31. c6 bxc6 32. Nxc6 Rxg3 33. Qxg3 Rg6 34.
Ne7+ 1-0

[Event "La Pobla de Lillet op A"]
[Site "La Pobla de Lillet ESP"]
[Date "2015.08.01"]
[Round "1.4"]
[White "Guasch Murtra, JM."]
[Black "Lorenzo de la Riva, L."]
[Result "0-1"]
[WhiteElo "1955"]
[BlackElo "2372"]
[PlyCount "58"]
[EventDate "2015.08.01"]
[EventType "swiss"]
[EventRounds "9"]
[EventCountry "ESP"]
[SourceTitle "Ajedrez en Madrid"]
[Source "lmi"]
[SourceDate "2020.06.24"]
[SourceVersion "1"]
[SourceVersionDate "2020.06.24"]
[SourceQuality "1"]

1. d4 Nf6 2. c4 g6 3. Nc3 d5 4. Nf3 Bg7 5. Bf4 c5 6. e3 cxd4 7. exd4 O-O 8. c5
Nc6 9. Bb5 Bg4 10. Bxc6 bxc6 11. O-O Nh5 12. Bg3 Bxf3 13. gxf3 Nxg3 14. fxg3
Rb8 15. Qd2 e5 16. dxe5 Bxe5 17. f4 Bg7 18. Na4 Re8 19. Rab1 Re4 20. b3 Qe7 21.
Rbe1 Re8 22. Rxe4 Qxe4 23. Rd1 h5 24. Qd3 Qe6 25. h4 Qg4 26. Rd2 Qh3 27. Rg2
Re1+ 28. Kf2 Qh1 29. b4 Bd4+ 0-1

[Event "La Pobla de Lillet op A"]
[Site "La Pobla de Lillet ESP"]
[Date "2015.08.01"]
[Round "1.5"]
[White "Cervello Tost, F."]
[Black "Duran Burniol, J."]
[Result "1/2-1/2"]
[WhiteElo "2303"]
[BlackElo "1952"]
[PlyCount "224"]
[EventDate "2015.08.01"]
[EventType "swiss"]
[EventRounds "9"]
[EventCountry "ESP"]
[SourceTitle "Ajedrez en Madrid"]
[Source "lmi"]
[SourceDate "2020.06.24"]
[SourceVersion "1"]
[SourceVersionDate "2020.06.24"]
[SourceQuality "1"]

1. Nf3 e6 2. d4 f5 3. g3 Nf6 4. Bg2 d5 5. O-O Bd6 6. b3 Qe7 7. c4 c6 8. Nc3 O-O
9. c5 Bc7 10. b4 Nbd7 11. Bb2 e5 12. e3 Ne4 13. dxe5 Nxc3 14. Bxc3 Kh8 15. Qd4
Re8 16. e6 Nf6 17. Ng5 Bxe6 18. Nxe6 Qxe6 19. b5 Be5 20. Qxe5 Qxe5 21. Bxe5
Rxe5 22. bxc6 bxc6 23. Rab1 Re7 24. Rfc1 Kg8 25. Bf1 Kf7 26. Ba6 Rc7 27. Rb7
Rac8 28. Rxa7 Rxa7 29. Bxc8 Rxa2 30. Bb7 Ra7 31. Bxc6 Rc7 32. Ba4 Ne4 33. c6
Ke7 34. f3 Nd2 35. Kf2 Nc4 36. e4 fxe4 37. fxe4 Nb2 38. Bb5 dxe4 39. Ke3 Nd3
40. Rc3 Kd6 41. Kxe4 Ne5 42. Kf5 Rf7+ 43. Kg5 Rc7 44. h4 Nxc6 45. Rd3+ Ke7 46.
Re3+ Kf8 47. Rf3+ Ke7 48. Re3+ Kd6 49. Bd3 h6+ 50. Kf5 Ne7+ 51. Kg4 Rc5 52. Bb1
Rc4+ 53. Kf3 Rc5 54. Ba2 Rf5+ 55. Kg2 Rc5 56. Kh3 Rc2 57. Bb3 Rc5 58. Rd3+ Ke5
59. Re3+ Kd6 60. Re6+ Kd7 61. Ra6 Rc3 62. Be6+ Kc7 63. Bg4 Rc6 64. Ra7+ Kd8 65.
Ra8+ Kc7 66. Kg2 Kd6 67. Rd8+ Ke5 68. Rf8 Rc2+ 69. Kh3 Rc7 70. Rf7 Nd5 71. Rf5+
Ke4 72. Rf8 Nf6 73. Be2 Re7 74. Ra8 Ke5 75. Ra5+ Kd6 76. Bf3 Rc7 77. g4 Rc3 78.
Kg2 Rc2+ 79. Kg3 Rc5 80. Ra7 Rc7 81. Ra6+ Ke5 82. g5 hxg5 83. hxg5 Nd7 84. Kg4
Rc4+ 85. Kh5 Kf4 86. Be2 Rc2 87. Ra4+ Ke5 88. Bd3 Rd2 89. Bb1 Rb2 90. Ra1 Nf8
91. Ra5+ Ke6 92. Bf5+ Kd6 93. g6 Rh2+ 94. Kg4 Rg2+ 95. Kf3 Rg1 96. Ra8 Rf1+ 97.
Ke4 Re1+ 98. Kf3 Ne6 99. Kf2 Re5 100. Ra6+ Ke7 101. Bb1 Nc5 102. Ra7+ Kf6 103.
Rf7+ Kg5 104. Rxg7 Ne4+ 105. Kg2 Kh6 106. Rb7 Re8 107. g7 Nf6 108. Rf7 Ng8 109.
Rf8 Re1 110. Rxg8 Rxb1 111. Kf3 Rg1 112. Kf4 Rxg7 1/2-1/2

[Event "La Pobla de Lillet op A"]
[Site "La Pobla de Lillet ESP"]
[Date "2015.08.01"]
[Round "1.6"]
[White "Alsina Franco, S."]
[Black "Gomez Jurado, LA."]
[Result "0-1"]
[WhiteElo "1923"]
[BlackElo "2267"]
[PlyCount "32"]
[EventDate "2015.08.01"]
[EventType "swiss"]
[EventRounds "9"]
[EventCountry "ESP"]
[SourceTitle "Ajedrez en Madrid"]
[Source "lmi"]
[SourceDate "2020.06.24"]
[SourceVersion "1"]
[SourceVersionDate "2020.06.24"]
[SourceQuality "1"]

1. e4 c6 2. Nf3 d5 3. exd5 cxd5 4. Bb5+ Bd7 5. Qe2 a6 6. Bxd7+ Nxd7 7. b3 Rc8
8. Nc3 Ngf6 9. Bb2 e6 10. O-O Bd6 11. d4 Qc7 12. Rac1 O-O 13. g3 Qa5 14. Qd3
Ba3 15. Bxa3 Rxc3 16. Bxf8 Rxd3 0-1

[Event "La Pobla de Lillet op A"]
[Site "La Pobla de Lillet ESP"]
[Date "2015.08.01"]
[Round "1.7"]
[White "De la Riva Aguado, J."]
[Black "Farre Selma, D."]
[Result "1-0"]
[WhiteElo "2221"]
[BlackElo "1897"]
[PlyCount "91"]
[EventDate "2015.08.01"]
[EventType "swiss"]
[EventRounds "9"]
[EventCountry "ESP"]
[SourceTitle "Ajedrez en Madrid"]
[Source "lmi"]
[SourceDate "2020.06.24"]
[SourceVersion "1"]
[SourceVersionDate "2020.06.24"]
[SourceQuality "1"]

1. e4 d5 2. exd5 Qxd5 3. Nc3 Qd8 4. d4 c6 5. Bc4 Nf6 6. Nf3 e6 7. O-O Be7 8.
Qe2 O-O 9. Ne4 Nbd7 10. Ng3 b5 11. Bb3 a5 12. c3 Ba6 13. Re1 Qc7 14. Ne5 Nxe5
15. dxe5 Nd5 16. Bc2 g6 17. Bh6 Rfe8 18. Rad1 Bf8 19. Bxf8 Rxf8 20. Qg4 Kh8 21.
Qg5 Qe7 22. Qh6 Rfd8 23. Ne4 Qf8 24. Qh4 Qg7 25. f4 b4 26. Bb3 bxc3 27. bxc3
Rf8 28. c4 Nb6 29. c5 Nd5 30. Bxd5 cxd5 31. Nd6 Ra7 32. Rb1 Rc7 33. Rec1 d4 34.
Qf2 d3 35. Rb6 Ra8 36. Rxa6 Rxa6 37. Ne8 Qf8 38. Nxc7 Rc6 39. Nb5 d2 40. Qxd2
Rxc5 41. Rxc5 Qxc5+ 42. Nd4 Qb6 43. h3 a4 44. a3 Qb1+ 45. Kh2 Qa1 46. Qb4 1-0

[Event "La Pobla de Lillet op A"]
[Site "La Pobla de Lillet ESP"]
[Date "2015.08.01"]
[Round "1.8"]
[White "Martin Perez, P."]
[Black "Ayza Ballester, J."]
[Result "0-1"]
[WhiteElo "1882"]
[BlackElo "2211"]
[PlyCount "112"]
[EventDate "2015.08.01"]
[EventType "swiss"]
[EventRounds "9"]
[EventCountry "ESP"]
[SourceTitle "Ajedrez en Madrid"]
[Source "lmi"]
[SourceDate "2020.06.24"]
[SourceVersion "1"]
[SourceVersionDate "2020.06.24"]
[SourceQuality "1"]

1. e4 c5 2. Nf3 e6 3. d3 g6 4. g3 Bg7 5. Bg2 Ne7 6. O-O O-O 7. c3 b6 8. Nbd2
Ba6 9. Nb3 Bb7 10. Re1 d6 11. d4 Nd7 12. dxc5 dxc5 13. a4 Qc7 14. c4 Rfd8 15.
Qc2 Nc6 16. Bf4 e5 17. Bd2 Nf8 18. Rad1 Ne6 19. Re2 Rac8 20. Ree1 Ncd4 21.
Nbxd4 cxd4 22. b3 a6 23. Bb4 Bf8 24. Bxf8 Rxf8 25. Qe2 Nc5 26. Nd2 Bc6 27. h4
Rb8 28. h5 b5 29. hxg6 hxg6 30. axb5 axb5 31. Bf1 Rfd8 32. Qg4 Kg7 33. b4 Na4
34. c5 Nc3 35. Ra1 Ra8 36. Bd3 Ra2 37. Rxa2 Nxa2 38. Rb1 Ra8 39. f4 exf4 40.
gxf4 Ra3 41. Bc2 Re3 42. Rb3 Nc3 43. Nf3 Bxe4 44. Nxd4 Bxc2 45. Nxc2 Ne2+ 46.
Kf2 Rxb3 47. Kxe2 Qd8 48. Ne1 Qe8+ 49. Kf1 Rxb4 50. Qg5 Rb1 51. Qg3 Rxe1+ 52.
Qxe1 Qxe1+ 53. Kxe1 Kf6 54. Kd2 Ke6 55. Kc3 Kd5 56. Kb4 Kc6 0-1

[Event "La Pobla de Lillet op A"]
[Site "La Pobla de Lillet ESP"]
[Date "2015.08.01"]
[Round "1.9"]
[White "Povill Claros, X."]
[Black "Flores Vallcorba, J."]
[Result "1-0"]
[WhiteElo "2200"]
[BlackElo "1826"]
[PlyCount "53"]
[EventDate "2015.08.01"]
[EventType "swiss"]
[EventRounds "9"]
[EventCountry "ESP"]
[SourceTitle "Ajedrez en Madrid"]
[Source "lmi"]
[SourceDate "2020.06.24"]
[SourceVersion "1"]
[SourceVersionDate "2020.06.24"]
[SourceQuality "1"]

1. e4 c5 2. d4 cxd4 3. c3 d3 4. Bxd3 Nc6 5. c4 g6 6. Nc3 Bg7 7. Nf3 d6 8. h3
Nf6 9. Be3 O-O 10. O-O Bd7 11. Qe2 Rc8 12. Rac1 a6 13. a3 Qa5 14. Rc2 Ne5 15.
Nxe5 Qxe5 16. f4 Qa5 17. Qf2 Qd8 18. Bb6 Qe8 19. e5 dxe5 20. fxe5 Ng4 21. hxg4
Bxe5 22. Qe2 Bg7 23. Nd5 e5 24. g5 Qe6 25. Qf2 e4 26. Re2 Rc6 27. Rxe4 1-0

[Event "La Pobla de Lillet op A"]
[Site "La Pobla de Lillet ESP"]
[Date "2015.08.01"]
[Round "1.10"]
[White "Torrents Señal, M."]
[Black "Capellades Subirana, M."]
[Result "0-1"]
[WhiteElo "1824"]
[BlackElo "2199"]
[PlyCount "52"]
[EventDate "2015.08.01"]
[EventType "swiss"]
[EventRounds "9"]
[EventCountry "ESP"]
[SourceTitle "Ajedrez en Madrid"]
[Source "lmi"]
[SourceDate "2020.06.24"]
[SourceVersion "1"]
[SourceVersionDate "2020.06.24"]
[SourceQuality "1"]

1. d4 Nf6 2. c4 e6 3. Nc3 Bb4 4. Bg5 c5 5. e3 Qa5 6. Qc2 Bxc3+ 7. Qxc3 Qxc3+ 8.
bxc3 Ne4 9. Bf4 Nxc3 10. Bd3 Nc6 11. a4 cxd4 12. exd4 d5 13. Ra3 dxc4 14. Bxc4
Nd5 15. Bxd5 exd5 16. Re3+ Be6 17. Nf3 Kd7 18. O-O f6 19. Rb1 b6 20. Rc1 Rac8
21. Rcc3 Bg4 22. Kf1 Rhe8 23. Ne1 Be2+ 24. Kg1 Ba6 25. Nc2 Nxd4 26. Rxc8 Ne2+
0-1

[Event "La Pobla de Lillet op A"]
[Site "La Pobla de Lillet ESP"]
[Date "2015.08.02"]
[Round "2.1"]
[White "Amores Gago, X."]
[Black "Movsziszian, K."]
[Result "0-1"]
[WhiteElo "2149"]
[BlackElo "2457"]
[PlyCount "50"]
[EventDate "2015.08.01"]
[EventType "swiss"]
[EventRounds "9"]
[EventCountry "ESP"]
[SourceTitle "Ajedrez en Madrid"]
[Source "lmi"]
[SourceDate "2020.06.24"]
[SourceVersion "1"]
[SourceVersionDate "2020.06.24"]
[SourceQuality "1"]

1. e4 g6 2. Nc3 Bg7 3. g3 c5 4. Bg2 Nc6 5. d3 d6 6. f4 Nf6 7. Nf3 O-O 8. O-O
Rb8 9. h3 b5 10. g4 b4 11. Ne2 Nd7 12. Ng3 a5 13. h4 Ba6 14. Re1 Nd4 15. g5 c4
16. dxc4 Nxf3+ 17. Qxf3 Bxc4 18. Bf1 Qb6+ 19. Kh1 Rbc8 20. Bh3 Bb5 21. Be3 Qb7
22. a4 Ba6 23. c3 bxc3 24. bxc3 Rxc3 25. h5 Nc5 0-1

[Event "La Pobla de Lillet op A"]
[Site "La Pobla de Lillet ESP"]
[Date "2015.08.02"]
[Round "2.2"]
[White "Mellado Triviño, J."]
[Black "Travesset Ribera, D."]
[Result "1-0"]
[WhiteElo "2442"]
[BlackElo "2149"]
[PlyCount "121"]
[EventDate "2015.08.01"]
[EventType "swiss"]
[EventRounds "9"]
[EventCountry "ESP"]
[SourceTitle "Ajedrez en Madrid"]
[Source "lmi"]
[SourceDate "2020.06.24"]
[SourceVersion "1"]
[SourceVersionDate "2020.06.24"]
[SourceQuality "1"]

1. e4 c5 2. Nf3 Nc6 3. Bb5 e5 4. O-O Nge7 5. Bc4 Ng6 6. c3 Be7 7. d4 d6 8. dxc5
dxc5 9. Qxd8+ Nxd8 10. Na3 O-O 11. Be3 Rb8 12. Ne1 Ne6 13. Nd3 b6 14. Bd5 Ba6
15. Rfd1 Rfd8 16. c4 Nd4 17. Bxd4 cxd4 18. Nc2 Bb7 19. Ncb4 Bxb4 20. Nxb4 Ne7
21. Nd3 Nxd5 22. cxd5 f6 23. f4 exf4 24. Nxf4 f5 25. exf5 Bxd5 26. Rxd4 Bf7 27.
Rad1 Rxd4 28. Rxd4 Bxa2 29. Ra4 Bb1 30. Rxa7 Bxf5 31. Nh5 Bg6 32. Nxg7 Rc8 33.
Ne6 Rc1+ 34. Kf2 Rc2+ 35. Kf3 Rxb2 36. h4 Rb5 37. g4 Re5 38. Nd4 Rd5 39. Nc6
Rc5 40. Ne7+ Kf8 41. Kf4 b5 42. Rb7 Bc2 43. Nf5 Bxf5 44. gxf5 h6 45. h5 Kg8 46.
Ke4 Kh8 47. Rb6 Kg7 48. Rg6+ Kf7 49. Rxh6 Rc1 50. Rb6 Rh1 51. Rxb5 Rxh5 52.
Rb7+ Kf6 53. Rb6+ Kf7 54. Ke5 Rh1 55. Rb7+ Kg8 56. Ke6 Ra1 57. Rb8+ Kg7 58. f6+
Kg6 59. Rc8 Kh7 60. f7 Ra6+ 61. Kd5 1-0

[Event "La Pobla de Lillet op A"]
[Site "La Pobla de Lillet ESP"]
[Date "2015.08.02"]
[Round "2.3"]
[White "Ribera Baztan, J."]
[Black "Muñoz Pantoja, M."]
[Result "0-1"]
[WhiteElo "2083"]
[BlackElo "2434"]
[PlyCount "88"]
[EventDate "2015.08.01"]
[EventType "swiss"]
[EventRounds "9"]
[EventCountry "ESP"]
[SourceTitle "Ajedrez en Madrid"]
[Source "lmi"]
[SourceDate "2020.06.24"]
[SourceVersion "1"]
[SourceVersionDate "2020.06.24"]
[SourceQuality "1"]

1. d4 c5 2. d5 Nf6 3. c4 e6 4. Nc3 exd5 5. cxd5 d6 6. e4 a6 7. a4 g6 8. Nge2
Bg7 9. Ng3 O-O 10. Be2 Ne8 11. O-O Nd7 12. Be3 Nc7 13. Qd2 Ne5 14. h3 f5 15. f4
Nf7 16. exf5 Bxf5 17. Nxf5 gxf5 18. Rab1 Re8 19. Bf2 Rb8 20. Bf3 Qf6 21. Rfc1
b5 22. b4 c4 23. a5 Qh6 24. Rc2 Nh8 25. Kh2 Ng6 26. g3 Nf8 27. Ne2 Nd7 28. Nd4
Bxd4 29. Bxd4 Nf6 30. Bb2 Ng4+ 31. Bxg4 fxg4 32. h4 Re4 33. Re1 Rbe8 34. Rxe4
Rxe4 35. Qd1 Qg6 36. Re2 Rxe2+ 37. Qxe2 Kf7 38. Qf2 Qd3 39. Qa7 Qc2+ 40. Kg1
Qb1+ 41. Kg2 Qxb2+ 42. Kg1 Qc1+ 43. Kg2 Qd2+ 44. Kg1 Qe1+ 0-1

[Event "La Pobla de Lillet op A"]
[Site "La Pobla de Lillet ESP"]
[Date "2015.08.02"]
[Round "2.4"]
[White "Lorenzo de la Riva, L."]
[Black "Menac Comas, JR."]
[Result "1-0"]
[WhiteElo "2372"]
[BlackElo "2115"]
[PlyCount "65"]
[EventDate "2015.08.01"]
[EventType "swiss"]
[EventRounds "9"]
[EventCountry "ESP"]
[SourceTitle "Ajedrez en Madrid"]
[Source "lmi"]
[SourceDate "2020.06.24"]
[SourceVersion "1"]
[SourceVersionDate "2020.06.24"]
[SourceQuality "1"]

1. e4 c5 2. Nf3 Nc6 3. Nc3 g6 4. Bb5 Bg7 5. Bxc6 bxc6 6. O-O Nf6 7. e5 Nd5 8.
Ne4 Qb6 9. c4 Nc7 10. d3 Ne6 11. Rb1 a5 12. Be3 O-O 13. b3 d5 14. cxd5 cxd5 15.
Nxc5 Nxc5 16. Rc1 Bg4 17. Bxc5 Qb7 18. Re1 f6 19. e6 Ra6 20. h3 Bxe6 21. Nd4
Qd7 22. Qe2 Kf7 23. Nxe6 Rxe6 24. Qxe6+ Qxe6 25. Rxe6 Kxe6 26. Re1+ Kd7 27.
Rxe7+ Kc6 28. d4 Rg8 29. Kf1 h5 30. Ke2 Bf8 31. Re8 Bxc5 32. Rxg8 Bxd4 33. Rxg6
1-0

[Event "La Pobla de Lillet op A"]
[Site "La Pobla de Lillet ESP"]
[Date "2015.08.02"]
[Round "2.5"]
[White "Gomez Jurado, LA."]
[Black "Tejero Royo, F."]
[Result "1-0"]
[WhiteElo "2267"]
[BlackElo "2043"]
[PlyCount "57"]
[EventDate "2015.08.01"]
[EventType "swiss"]
[EventRounds "9"]
[EventCountry "ESP"]
[SourceTitle "Ajedrez en Madrid"]
[Source "lmi"]
[SourceDate "2020.06.24"]
[SourceVersion "1"]
[SourceVersionDate "2020.06.24"]
[SourceQuality "1"]

1. c4 Nf6 2. g3 e6 3. Bg2 d5 4. Nf3 b6 5. O-O Bb7 6. cxd5 exd5 7. d3 Bd6 8. Nc3
O-O 9. Nh4 Qc8 10. Bg5 Nbd7 11. Nb5 Be7 12. Nf5 Re8 13. Rc1 Nc5 14. Nxe7+ Rxe7
15. b4 a6 16. bxc5 axb5 17. c6 Ba6 18. Bxf6 gxf6 19. Bxd5 Re5 20. e4 Qh3 21. f4
Rh5 22. Rf2 b4 23. Qa4 Kg7 24. Qxb4 Rg8 25. Qe7 Rf8 26. e5 Bxd3 27. Rd1 Bb5 28.
exf6+ Kg8 29. Bxf7+ 1-0

[Event "La Pobla de Lillet op A"]
[Site "La Pobla de Lillet ESP"]
[Date "2015.08.02"]
[Round "2.6"]
[White "Lopez Moreno, J."]
[Black "De la Riva Aguado, J."]
[Result "1/2-1/2"]
[WhiteElo "2022"]
[BlackElo "2221"]
[PlyCount "33"]
[EventDate "2015.08.01"]
[EventType "swiss"]
[EventRounds "9"]
[EventCountry "ESP"]
[SourceTitle "Ajedrez en Madrid"]
[Source "lmi"]
[SourceDate "2020.06.24"]
[SourceVersion "1"]
[SourceVersionDate "2020.06.24"]
[SourceQuality "1"]

1. d4 Nf6 2. c4 e6 3. Nc3 Bb4 4. Qc2 c5 5. a3 Bxc3+ 6. bxc3 Nc6 7. Nf3 d6 8. e4
e5 9. d5 Ne7 10. Bg5 h6 11. Bxf6 gxf6 12. Nh4 Qa5 13. Bd3 Ng6 14. Nxg6 fxg6 15.
O-O Bd7 16. Rab1 O-O-O 17. Rb2 1/2-1/2

[Event "La Pobla de Lillet op A"]
[Site "La Pobla de Lillet ESP"]
[Date "2015.08.02"]
[Round "2.7"]
[White "Ayza Ballester, J."]
[Black "Viñals Rioja, J."]
[Result "0-1"]
[WhiteElo "2211"]
[BlackElo "2018"]
[PlyCount "100"]
[EventDate "2015.08.01"]
[EventType "swiss"]
[EventRounds "9"]
[EventCountry "ESP"]
[SourceTitle "Ajedrez en Madrid"]
[Source "lmi"]
[SourceDate "2020.06.24"]
[SourceVersion "1"]
[SourceVersionDate "2020.06.24"]
[SourceQuality "1"]

1. e4 c5 2. Nf3 d6 3. d4 cxd4 4. Nxd4 Nf6 5. Nc3 g6 6. Be3 Bg7 7. Be2 Nc6 8.
O-O O-O 9. h3 Re8 10. Qd2 Nxd4 11. Bxd4 Be6 12. f4 Rc8 13. Bf3 Qa5 14. Rf2 Qb4
15. Nd1 Qxd2 16. Rxd2 b6 17. a4 Nd7 18. Bxg7 Kxg7 19. Ne3 Nf6 20. g4 Rc7 21. g5
Nd7 22. Bg2 f6 23. h4 Rc5 24. Rf1 Rec8 25. Rff2 Ra5 26. b3 b5 27. f5 Bf7 28.
axb5 Rxb5 29. Ng4 Rb6 30. fxg6 Bxg6 31. gxf6+ Nxf6 32. Nxf6 exf6 33. Rd4 Rbc6
34. c4 Rb6 35. Rd3 Rcb8 36. Rff3 Kf7 37. Rfe3 Ke7 38. Bf3 a5 39. Bd1 Rb4 40.
Rd5 a4 41. bxa4 Rxc4 42. h5 Rxe4 43. Red3 Re1+ 44. Kf2 Bxd3 45. Kxe1 Be4 46.
Ra5 Rb2 47. Bg4 d5 48. Ra6 f5 49. Be2 f4 50. Bg4 f3 0-1

[Event "La Pobla de Lillet op A"]
[Site "La Pobla de Lillet ESP"]
[Date "2015.08.02"]
[Round "2.8"]
[White "Segarra Calderer, A."]
[Black "Povill Claros, X."]
[Result "0-1"]
[WhiteElo "2014"]
[BlackElo "2200"]
[PlyCount "88"]
[EventDate "2015.08.01"]
[EventType "swiss"]
[EventRounds "9"]
[EventCountry "ESP"]
[SourceTitle "Ajedrez en Madrid"]
[Source "lmi"]
[SourceDate "2020.06.24"]
[SourceVersion "1"]
[SourceVersionDate "2020.06.24"]
[SourceQuality "1"]

1. c4 c5 2. Nc3 Nc6 3. g3 g6 4. Bg2 Bg7 5. Nf3 d6 6. O-O Nh6 7. d3 Nf5 8. Rb1
O-O 9. e3 Rb8 10. a3 b6 11. Qc2 Bb7 12. b4 e6 13. b5 Ne5 14. Nxe5 dxe5 15. Ne4
Nd6 16. Bb2 f5 17. Nxd6 Qxd6 18. f4 Rfd8 19. Rbd1 Bxg2 20. Kxg2 exf4 21. Bxg7
Kxg7 22. gxf4 Rb7 23. Qc3+ Kf7 24. d4 Rbd7 25. dxc5 Qxc5 26. Rxd7+ Rxd7 27. Rf2
Rd8 28. Rd2 Rxd2+ 29. Qxd2 Qxa3 30. Qd7+ Qe7 31. Qd4 Kg8 32. Qe5 h6 33. h4 Kh7
34. Kh3 g5 35. hxg5 hxg5 36. fxg5 Kg6 37. Qh8 Qh7+ 38. Qxh7+ Kxh7 39. Kg3 e5
40. Kh3 Kg6 41. Kh4 e4 42. Kh3 Kxg5 43. Kg3 f4+ 44. exf4+ Kf5 0-1

[Event "La Pobla de Lillet op A"]
[Site "La Pobla de Lillet ESP"]
[Date "2015.08.02"]
[Round "2.9"]
[White "Capellades Subirana, M."]
[Black "Muñoz Vila, X."]
[Result "1-0"]
[WhiteElo "2199"]
[BlackElo "1732"]
[PlyCount "63"]
[EventDate "2015.08.01"]
[EventType "swiss"]
[EventRounds "9"]
[EventCountry "ESP"]
[SourceTitle "Ajedrez en Madrid"]
[Source "lmi"]
[SourceDate "2020.06.24"]
[SourceVersion "1"]
[SourceVersionDate "2020.06.24"]
[SourceQuality "1"]

1. e4 e6 2. d4 d5 3. e5 c5 4. c3 Qb6 5. Nf3 Nc6 6. a3 Nh6 7. Bd3 Bd7 8. dxc5
Bxc5 9. O-O Ng4 10. Qe2 Qc7 11. b4 Bb6 12. Bf4 f6 13. Bg3 f5 14. Bxf5 Nh6 15.
Bd3 O-O-O 16. a4 a5 17. Na3 Ne7 18. bxa5 Bxa5 19. Nd4 g6 20. Ndb5 Qc5 21. Nd6+
Kb8 22. Rfb1 Bc6 23. Bb5 Rd7 24. Bxc6 Qxc6 25. Nab5 Nhf5 26. Rb3 Nxg3 27. hxg3
Nc8 28. Nd4 Qc5 29. Nxe6 Qa7 30. Nd4 Ka8 31. Qg4 b6 32. N4b5 1-0

[Event "La Pobla de Lillet op A"]
[Site "La Pobla de Lillet ESP"]
[Date "2015.08.02"]
[Round "2.10"]
[White "Prats Rodriguez, JB."]
[Black "Cervello Tost, F."]
[Result "1/2-1/2"]
[WhiteElo "1994"]
[BlackElo "2303"]
[PlyCount "118"]
[EventDate "2015.08.01"]
[EventType "swiss"]
[EventRounds "9"]
[EventCountry "ESP"]
[SourceTitle "Ajedrez en Madrid"]
[Source "lmi"]
[SourceDate "2020.06.24"]
[SourceVersion "1"]
[SourceVersionDate "2020.06.24"]
[SourceQuality "1"]

1. e4 c6 2. d4 d5 3. e5 c5 4. dxc5 Nc6 5. Nf3 Bg4 6. c3 e6 7. Be3 Nge7 8. Bb5
a6 9. Ba4 Bxf3 10. Qxf3 Ng6 11. O-O Ngxe5 12. Qg3 Nd7 13. b4 Nf6 14. Nd2 g6 15.
Bd4 Bg7 16. Rfe1 O-O 17. Bxc6 bxc6 18. a4 Re8 19. Qd3 Bh6 20. Nb3 Nd7 21. Qh3
Bg5 22. Qg3 Rc8 23. Na5 Rc7 24. Re2 Bh4 25. Qf4 Bg5 26. Qg3 Bf6 27. Bxf6 Nxf6
28. Rae1 Ne4 29. Qe5 f6 30. Qd4 e5 31. Qd3 Rc8 32. Nb3 Qc7 33. f3 Ng5 34. Na5
Ra8 35. Qd2 Ne6 36. Nb3 Red8 37. g3 Ng5 38. Kf2 e4 39. Nd4 Qd7 40. f4 Nf7 41.
Kg2 Rac8 42. a5 f5 43. Rf2 h5 44. Qe2 Ra8 45. h3 Kg7 46. Rh1 Rh8 47. Kf1 Nd8
48. Ke1 Ne6 49. Qe3 Rab8 50. Kd2 Kf7 51. Rg2 Nxd4 52. Qxd4 Qc7 53. h4 e3+ 54.
Qxe3 d4 55. Qd3 dxc3+ 56. Kxc3 Rhe8 57. Re2 Qb7 58. Qc4+ Kf8 59. Rhe1 Qg7+
1/2-1/2